Notas para el estudio económico de América Latina, 1981: El Salvador

Salvato in:
Dettagli Bibliografici
Ente Autore: CEPAL
Natura: testo
Pubblicazione: México D.F.: CEPAL
Tags: Aggiungi Tag
Nessun Tag, puoi essere il primo ad aggiungerne!!

MARC

LEADER 00000 a a2200000 04500
001 23006
003
040
090 |a 158600  
110 |a CEPAL  
245 |a Notas para el estudio económico de América Latina, 1981: El Salvador  
260 |a México D.F.:   |b CEPAL  
300 |a 48 p.   |b **no definido**  
999 |c 15288  |d 15288